Second grade baby / (Record no. 1218)

MARC details
000 -LEADER
fixed length control field 01133cam a22003253a 4500
005 - DATE AND TIME OF LATEST TRANSACTION
control field 20231124091246.0
020 ## - INTERNATIONAL STANDARD BOOK NUMBER
International Standard Book Number 078073003990
040 ## - CATALOGING SOURCE
Original cataloging agency JED
Transcribing agency JED
Modifying agency EOW
-- TQG
-- BAKER
-- JP3
-- BTCTA
-- FN2
-- OCLCQ
-- XY4
-- DLC
Language of cataloging eng
050 00 - LIBRARY OF CONGRESS CALL NUMBER
Classification number PZ7.M3567585
082 ## - DEWEY DECIMAL CLASSIFICATION NUMBER
Classification number 548
100 1# - MAIN ENTRY--PERSONAL NAME
Personal name Martin, Ann M.
Dates associated with a name 1955-
245 10 - TITLE STATEMENT
Title Second grade baby /
Statement of responsibility, etc. Ann M. Martin ; illustrations by Charles Tang.
246 3# - VARYING FORM OF TITLE
Title proper/short title 2nd grade baby
260 ## - PUBLICATION, DISTRIBUTION, ETC.
Place of publication, distribution, etc. New York :
Name of publisher, distributor, etc. Scholastic,
Date of publication, distribution, etc. 1996
300 ## - PHYSICAL DESCRIPTION
Extent 82 pages :
Other physical details Illustrations ;
Dimensions 20 cm
490 0# - SERIES STATEMENT
Series statement Little apple fiction
490 0# - SERIES STATEMENT
Series statement Kids in Ms. Colman's class ;
Volume/sequential designation Book 4
500 ## - GENERAL NOTE
General note "A Little Apple paperback."
505 ## - FORMATTED CONTENTS NOTE
Formatted contents note O <br/>
520 ## - SUMMARY, ETC.
Summary, etc. Natalie loves school except when the other kids tease her and call her a baby, but the teasing stops when she does something important in class.
521 0# - TARGET AUDIENCE NOTE
Target audience note 600 <br/>
Source Lexile <br/>
521 1# - TARGET AUDIENCE NOTE
Target audience note O <br/>
Source Raz-Plus <br/>
650 #0 - SUBJECT ADDED ENTRY--TOPICAL TERM
Topical term or geographic name entry element Schools
Form subdivision Fiction.
650 #0 - SUBJECT ADDED ENTRY--TOPICAL TERM
Topical term or geographic name entry element Teddy bears
Form subdivision Fiction.
655 #7 - INDEX TERM--GENRE/FORM
Genre/form data or focus term Children's stories.
Source of term lcsh
700 1# - ADDED ENTRY--PERSONAL NAME
Personal name Tang, Charles
Relator term illustrator
906 ## - LOCAL DATA ELEMENT F, LDF (RLIN)
a 7
b cbc
c copycat
d 2
e ncip
f 20
g y-genrareb
942 ## - ADDED ENTRY ELEMENTS (KOHA)
Source of classification or shelving scheme Dewey Decimal Classification
Koha item type Books
Suppress in OPAC No
999 ## -
-- 1218
-- 1218
Holdings
Withdrawn status Lost status Source of classification or shelving scheme Damaged status Not for loan Collection Home library Current library Shelving location Date acquired Total Checkouts Full call number Barcode Date last seen Copy number Price effective from Koha item type Date last checked out
    Dewey Decimal Classification     Juvenile Fiction Footprints International School Library Network Toul Kork Campus Footprints International School Library Network Toul Kork Campus   08/08/2023   MAR 548 PZ7.M3567585 FIS00744 08/08/2023 1 08/08/2023 Books  
    Dewey Decimal Classification     Juvenile Fiction Footprints International School Library Network Toul Kork Campus Footprints International School Library Network Toul Kork Campus   08/08/2023 2 MAR 548 PZ7.M3567585 2023-0544 01/08/2024 2 08/08/2023 Books 12/11/2023